000 00638nam a2200205 a 4500
005 20160107053937.0
008 140317t1951 cau||||fr|||| 00| 0 eng d
040 _aCO-BoIAVH
_cCO-BoIAVH
041 _aeng
044 _axxu
082 4 _a598.15
_bP68s
100 1 _aPitelka, Frank A.
_922298
245 1 _aSpeciation and ecologic distribution in american jays of the genus Aphelocoma
260 _aLos Angeles
_bUniversity of California Press
_c1951
300 _a462 paginas.;
_bilustraciones
_c27 x 17 cm
650 4 _aAphelocoma
_xAve
_947601
650 4 _aComportamiento
_xAves
_947602
942 _cLIBRO
_2ddc
945 _d2005-11-23
999 _c4860
_d4860